| 000 | 00361nam a22001337a 4500 | ||
|---|---|---|---|
| 020 | _qHB. | ||
| 040 | _cFIZZA ISHAQ | ||
| 082 |
_a708.7 _bAUR |
||
| 100 |
_aPUBLISHERS, ART AURORA. _9134142 |
||
| 245 |
_aTHE MOSCOW KREMLIN / _cAURORA ART PUBLISHERS. |
||
| 260 |
_aUSSR ; _bA GUIDE AURORA ART PUBLISHER, _c1987. |
||
| 300 |
_a124 P. ; _c8X5.9IN |
||
| 942 |
_2ddc _cBK |
||
| 999 |
_c617084 _d617084 |
||